| 000 | 00552nam a2200217 a 4500 | ||
|---|---|---|---|
| 999 |
_c4747 _d4747 |
||
| 001 | 4747 | ||
| 003 | BD-JhCC | ||
| 005 | 20171203092733.0 | ||
| 008 | 171203s19681968e a|||| || | 000 0 eng d | ||
| 035 | _a(BD-JhCC)4747 | ||
| 040 |
_aBD-JhCC _dBD-JhCC |
||
| 041 | _aeng | ||
| 082 |
_a940.44 _bTUR 1968 |
||
| 100 | _aTurner, John Frayn | ||
| 245 |
_aFamous Air Battles / _cJohn Frayn Turner, |
||
| 260 |
_aLondon : _bArthur Barker Ltd, _c1968. |
||
| 300 |
_a215 p. : _c24 cm. |
||
| 650 | _aWorld War (1914-1918) | ||
| 942 |
_2ddc _cBK |
||